000 00483nam a22001577a 4500
005 20231129082258.0
008 231129b |||||||| |||| 00| 0 eng d
041 _aEnglish
082 _a340.09 NEG
100 _aBekker, P et al.
_lEnglish
245 _aNegotiated Justice :
_bBenefits and Pitfalls of Plea Bargaining /
_cP Bekker et al.
260 _c2002
300 _b41 pages ;
_c30,3 cm.
650 _aLegal practice
_bLaw
942 _cBK
_6ALISON_BN_VRIES
999 _c1037
_d1037